Statistics for Sebastian Stan Filmography

Click here to take the quiz!

General Stats

  • This quiz has been taken 46 times
    (9 since last reset)
  • The average score is 30 of 59

Answer Stats

TypeYearName% Correct
Film2019Avengers: Endgame
86%
Film2018Avengers: Infinity War
86%
Film2016Captain America: Civil War
86%
Film2011Captain America: The First Avenger
86%
Film2014Captain America: The Winter Soldier
86%
TV Show2007-2010Gossip Girl
86%
Film2017I, Tonya
86%
Film2024A Different Man
71%
Film2015Ant-Man
71%
Film2018Black Panther
71%
Film2010Black Swan
71%
Film2023Dumb Money
71%
Film2022Fresh
71%
Film2023Ghosted
71%
TV Show2012-2013Once Upon a Time
71%
Web Mini-Series2022Pam & Tommy
71%
Film2022The 355
71%
Film2006The Covenant
71%
Film2015The Martian
71%
Web Series2021-2023What If...?
71%
Film2018Destroyer
57%
Film2019Endings, Beginnings
57%
Film2010Hot Tub Time Machine
57%
Film2017I'm Not Here
57%
TV Show2003Law & Order
57%
Film2020Monday
57%
TV Mini-Series2012Political Animals
57%
Film2015Ricki and the Flash
57%
Film2023Sharper
57%
Film2009Spread
57%
Web Mini-Series2021The Falcon and the Winter Soldier
57%
Film2019The Last Full Measure
57%
Film2025Thunderbolts
57%
Music Video2008Wake Up Call
57%
Film2012Gone
43%
TV Show2009Kings
43%
Film2017Logan Lucky
43%
Film2008Rachel Getting Married
43%
Film2012The Apparition
43%
FilmTBAThe Apprentice
43%
Film2015The Bronze
43%
Film2020The Devil All the Time
43%
Film2004Tony & Tina's Wedding
43%
Film2018We Have Always Lived in the Castle
43%
Video Game2011Captain America: Super Soldier
29%
Theater2013Picnic
29%
Film2005Red Doors
29%
Film2006The Architect
29%
Film2007The Education of Charlie Banks
29%
Short Film2022The Magic of Passion
29%
Film199471 Fragments of a Chronology of Chance
14%
Web Series2023Bupkis
14%
TV Show2017I'm Dying Up Here
14%
TV Mini-Series2012Labyrinth
14%
Theater2007Talk Radio
14%
Short Film2015Ares III: Farewell
0%
Short Film2015Ares III: The Right Stuff
0%
Theater2013Crimes of the Heart
0%
Documentary2018Joseph Pulitzer: Voice of the People
0%

Score Distribution

Percentile by Number Answered

Percent of People with Each Score

Your Score History

You have not taken this quiz since the last reset